Directory of Indian scientific periodicals 1992 (Record no. 36929)
[ view plain ]
| 000 -LEADER | |
|---|---|
| fixed length control field | 00515nam a22001457a 4500 |
| 008 - FIXED-LENGTH DATA ELEMENTS--GENERAL INFORMATION | |
| fixed length control field | 230530b |||||||| |||| 00| 0 eng d |
| 040 ## - CATALOGING SOURCE | |
| Original cataloging agency | National Science Library |
| Transcribing agency | National Science Library |
| 080 ## - UNIVERSAL DECIMAL CLASSIFICATION NUMBER | |
| Universal Decimal Classification number | R 05(540)(058) |
| Item number | N2-;2 |
| 245 ## - TITLE STATEMENT | |
| Title | Directory of Indian scientific periodicals 1992 |
| Statement of responsibility, etc. | / Indian National Scientific Documentation Centre |
| 260 ## - PUBLICATION, DISTRIBUTION, ETC. | |
| Place of publication, distribution, etc. | New Delhi: |
| Name of publisher, distributor, etc. | Indian National Scientific Documentation Centre, |
| Date of publication, distribution, etc. | 1992 |
| 300 ## - PHYSICAL DESCRIPTION | |
| Extent | 314p. |
| 650 ## - SUBJECT ADDED ENTRY--TOPICAL TERM | |
| Topical term or geographic name entry element | Bibliography |
| 653 ## - INDEX TERM--UNCONTROLLED | |
| Uncontrolled term | Directory |
| 942 ## - ADDED ENTRY ELEMENTS (KOHA) | |
| Source of classification or shelving scheme | Universal Decimal Classification |
| Koha item type | Reference |
| Withdrawn status | Lost status | Source of classification or shelving scheme | Damaged status | Not for loan | Collection | Home library | Current library | Shelving location | Date acquired | Total Checkouts | Full call number | Barcode | Date last seen | Price effective from | Koha item type |
|---|---|---|---|---|---|---|---|---|---|---|---|---|---|---|---|
| Universal Decimal Classification | Reference | National Science Library | National Science Library | GF/Rk-7/C-1/R-5 | 09/11/1992 | R 05(540)(058) N2-;2 | 173306-D | 18/09/2024 | 09/11/1992 | Reference |